El análisis de la realidad social: métodos y técnicas de investigación
Shranjeno v:
| Main Authors: | , , |
|---|---|
| Format: | Knjiga |
| Jezik: | španščina |
| Izdano: |
Madrid
Alianza
2000
|
| Serija: | Manuales. Serie Ciencias Sociales, 60
|
| Teme: | |
| Oznake: |
Označite
Brez oznak, prvi označite!
|
MARC
| LEADER | 00000nam a2200000 a 4500 | ||
|---|---|---|---|
| 001 | UCM4408 | ||
| 003 | CL-VaPUC | ||
| 008 | 020823e20000000SP |||||||||||||||||spa|d | ||
| 082 | 0 | 4 | |a 301.072 |b GAR |2 21 |
| 100 | |a García Ferrando, Manuel |e author |9 570674 | ||
| 700 | |a Ibáñez Alonso, Jesús |e author |9 570675 | ||
| 700 | 0 | |a Alvira, Francisco |e author |9 470944 | |
| 245 | 1 | 3 | |a El análisis de la realidad social: métodos y técnicas de investigación |
| 300 | |a 682 p | ||
| 942 | |c BK | ||
| 945 | |d 20020823 00:00:00 |a vberengu | ||
| 260 | |a Madrid |b Alianza |c 2000 | ||
| 650 | 0 | |a Ciencias sociales |v Investigación |9 307767 | |
| 650 | 0 | |a Métodos de investigación |9 262618 | |
| 583 | |a last modification |c 20121104 08:57:25 |k Rodrigo Vera | ||
| 490 | 0 | |a Manuales. Serie Ciencias Sociales, 60 | |
| 999 | |c 301128 |d 301126 | ||
| 952 | |0 0 |1 0 |4 0 |6 301_072000000000000_GAR_2000 |7 0 |8 R |9 359855 |a BIBGIM |b BIBGIM |d 2019-11-21 |i 3838897 |o 301.072 GAR 2000 |p 3838897 |r 2025-01-15 |w 2019-11-21 |y BK_R |k SSL | ||